Online
Catalog

Die Beurteilung des Aufbaus nationaler Handelsflotten in unterentwickelten Ländern / (Record no. 1963)

MARC details
000 -CABECERA
campo de control de longitud fija 00768cam a2200217 a 4500
001 - NÚMERO DE CONTROL
campo de control 000002105
005 - FECHA Y HORA DE LA ÚLTIMA TRANSACCIÓN
campo de control 20200929145832.0
008 - DATOS DE LONGITUD FIJA--INFORMACIÓN GENERAL
campo de control de longitud fija 771130s1968 gw a b 001 0 ger
040 ## - FUENTE DE LA CATALOGACIÓN
Centro catalogador/agencia de origen DO-SdBNP
Centro/agencia transcriptor DLC
Centro/agencia modificador DLC
082 ## - NÚMERO DE LA CLASIFICACIÓN DECIMAL DEWEY
Número de clasificación 387.5
Número de documento/Ítem S932b
100 1# - ENTRADA PRINCIPAL--NOMBRE DE PERSONA
Nombre de persona Stuchtey, Rolf.
9 (RLIN) 6762
245 14 - MENCIÓN DE TÍTULO
Título Die Beurteilung des Aufbaus nationaler Handelsflotten in unterentwickelten Ländern /
Mención de responsabilidad, etc. Rolf Stuchtey.
260 ## - PUBLICACIÓN, DISTRIBUCIÓN, ETC.
Lugar de publicación, distribución, etc. Hamburg, Alemania :
Nombre del editor, distribuidor, etc. Deutsches Übersse-Institut,
Fecha de publicación, distribución, etc. 1968.
300 ## - DESCRIPCIÓN FÍSICA
Extensión 141 p. :
Otras características físicas il. ;
Dimensiones 24 cm.
490 1# - MENCIÓN DE SERIE
Mención de serie Problemas de la economía mundial
504 ## - NOTA DE BIBLIOGRAFÍA, ETC.
Nota de bibliografía, etc. Bibliografía: p. 135-141.
650 #4 - PUNTO DE ACCESO ADICIONAL DE MATERIA--TÉRMINO DE MATERIA
Término de materia o nombre geográfico como elemento de entrada Transporte maritimo
Subdivisión general Paises en desarrollo
9 (RLIN) 6763
830 #0 - PUNTO DE ACCESO ADICIONAL DE SERIE-TÍTULO UNIFORME
Título uniforme Problemas de la economía mundial.
9 (RLIN) 6764
910 ## - DATOS DE OPCIÓN DEL USUARIO (OCLC)
Datos de opción del usuario Catalogación por copia / LC
910 ## - DATOS DE OPCIÓN DEL USUARIO (OCLC)
Datos de opción del usuario DC
Holdings
Estado de retiro Estado de pérdida Restricciones de uso No para préstamo Código de colección Localización permanente Ubicación/localización actual Ubicación en estantería Fecha de adquisición Número de inventario Total de préstamos Signatura topográfica completa Código de barras Fecha visto por última vez Precio válido a partir de Tipo de ítem Koha
    Préstamo interno   Monografías: Libros y Folletos General General En catalogación 14.09.2009 LF1   387.5 S932b 2105-10 25.06.2020 25.06.2020 Préstamo interno

Powered by Koha